| 000 | 00956nam a22001457a 4500 | ||
|---|---|---|---|
| 999 |
_c61540 _d61540 |
||
| 005 | 20240322113028.0 | ||
| 008 | 240322c1993 ge ||||| |||| 00| 0 geo d | ||
| 041 | _ageo | ||
| 245 |
_aლიტერატურა და ხელოვნება : _b 1993 წ. / _c საქართველოს მეცნიერებათა აკადემია. შოთა რუსთაველის სახელობის ქართული ლიტერატურის ინსტიტუტი. გიორგი ჩუბინაშვილის სახელობის ქართული ხელოვნების ისტორიის ინსტიტუტი. |
||
| 260 |
_aთბილისი : _b"მეცნიერება", _c1994. |
||
| 300 | _aV. | ||
| 653 | _aლიტერატურა და ხელოვნება | ||
| 653 | _aპერიოდიკა | ||
| 942 |
_2udc _cCR |
||